<?xml version="1.0" encoding="UTF-8"?>
<marc:record xmlns:marc="http://www.loc.gov/MARC21/slim">
   <marc:leader>00000nam a2200000 a 4500</marc:leader>
   <marc:datafield ind1="1" ind2=" " tag="100">
      <marc:subfield code="a">Napp, Daniel</marc:subfield>
      <marc:subfield code="4">aut</marc:subfield>
      <marc:subfield code="e">Verfasser/-in</marc:subfield>
   </marc:datafield>
   <marc:datafield ind1="0" ind2="0" tag="245">
      <marc:subfield code="a">Dr. Brumm baut ein Haus</marc:subfield>
   </marc:datafield>
   <marc:datafield ind1=" " ind2="1" tag="264">
      <marc:subfield code="b">Thienemann</marc:subfield>
      <marc:subfield code="c">2023</marc:subfield>
   </marc:datafield>
   <marc:datafield ind1="1" ind2=" " tag="520">
      <marc:subfield code="a">Angaben aus der Verlagsmeldung

Dr. Brumm: Dr. Brumm baut ein Haus : Grandios lustiges Chaos auf der Baustelle, für Kinder ab 4 Jahren / von Daniel Napp

Herrliches Baustellen-Schlamassel mit Dr. Brumm

Auweia, ein Sturm hat Dr. Brumms schönes kleines Häuschen zerlegt. Aber kein Problem, so ein Haus ist ja schnell wieder aufgebaut – behauptet zumindest Dr. Brumm. Er legt los und zimmert eine verrückte Konstruktion nach der anderen zusammen … bevor er sich doch lieber ein bisschen helfen lässt. Von Dachs, der Baupläne zeichnen kann, den Bibern, die sich mit super Holz auskennen, und den Dachdecker-Igeln. Stück für Stück entsteht ein tolles neues Haus. Aber solange Dr. Brumm auf der Baustelle mithilft, ist nichts und niemand vor ihm sicher! 

Ein Riesenspaß für Kinder ab 4 Jahren und ihre Vorleser, denn was sich Dr. Brumm auf seiner Baustelle so alles einfallen lässt, ist einfach zum Piepen komisch.

</marc:subfield>
   </marc:datafield>
   <marc:datafield ind1=" " ind2=" " tag="020">
      <marc:subfield code="a">9783522460200</marc:subfield>
      <marc:subfield code="9">9783522460200</marc:subfield>
   </marc:datafield>
</marc:record>
